| 000 | 00712nam a22002177a 4500 | ||
|---|---|---|---|
| 082 |
_a624.18210212 _bSTE _cL-20, P-85 |
||
| 100 |
_aIbrani, A.S _943124 |
||
| 245 |
_aSteel tables _b(60 diagrams) _cA.S Ibrani |
||
| 260 |
_aKarachi : _bUnion Book Stall, _c. |
||
| 300 | _aMisc Pages. | ||
| 526 |
_a0 _b0 _c0 _d624_182102120000000_STE |
||
| 526 |
_a0 _b0 _c0 _d624_182102120000000_STE |
||
| 526 |
_a0 _b0 _c0 _d624_182102120000000_STE |
||
| 526 |
_a0 _b0 _c0 _d624_182102120000000_STE |
||
| 526 |
_a0 _b0 _c0 _d624_182102120000000_STE |
||
| 526 |
_a0 _b0 _c0 _d624_182102120000000_STE |
||
| 526 |
_a0 _b0 _c0 _d624_182102120000000_STE |
||
| 526 |
_a0 _b0 _c0 _d624_182102120000000_STE |
||
| 650 |
_aMCE _9379 |
||
| 942 |
_2ddc _cBK |
||
| 999 |
_c546919 _d546919 |
||